000 00275nam a2200133Ia 4500
100 _aGutenmacher
942 _cBK
654 _aMachines
245 _aThinking Machines
260 _bForeign Language Publication
082 _a621.8
300 _a180
546 _aENGLISH
999 _c27661
_d27661